<?xml version='1.0' encoding='UTF-8'?>
  <record xmlns="http://www.loc.gov/MARC21/slim">
    <leader>00000ckm a2200000 i 4500</leader>
    <controlfield tag="001">on1054911802</controlfield>
    <controlfield tag="003">OCoLC</controlfield>
    <controlfield tag="005">20231213210205.5</controlfield>
    <controlfield tag="007">kl bo|</controlfield>
    <controlfield tag="008">180928s1748    ne nnn f          lndut d</controlfield>
    <datafield tag="040" ind1=" " ind2=" ">
      <subfield code="a">QGJ</subfield>
      <subfield code="b">eng</subfield>
      <subfield code="e">rda</subfield>
      <subfield code="c">QGJ</subfield>
      <subfield code="d">OCLCF</subfield>
      <subfield code="d">QGJ</subfield>
      <subfield code="d">OCLCQ</subfield>
      <subfield code="d">OCLCL</subfield>
    </datafield>
    <datafield tag="035" ind1=" " ind2=" ">
      <subfield code="a">(OCoLC)1054911802</subfield>
    </datafield>
    <datafield tag="242" ind1="1" ind2="0">
      <subfield code="a">Drawing of a lighter.</subfield>
      <subfield code="y">eng</subfield>
    </datafield>
    <datafield tag="245" ind1="0" ind2="0">
      <subfield code="a">Teekening van een ligter :</subfield>
      <subfield code="b">gemonteert met 14 bassen &amp; tc. en manschap, gebruykt tot dienste van de Neederlanden op de binnen Zee'en, en de rivieren, de Schelde &amp; tc. in den jaare MDCCXLVIII /</subfield>
      <subfield code="c">door Willem Van Gent, eerste meester knegt op slands werf.</subfield>
    </datafield>
    <datafield tag="246" ind1="3" ind2=" ">
      <subfield code="a">Tekening van een lichter</subfield>
    </datafield>
    <datafield tag="246" ind1="3" ind2=" ">
      <subfield code="a">Een lichter (lighter) onder Nederlandse vlag met 14 draaibassen (licht kanon)</subfield>
    </datafield>
    <datafield tag="246" ind1="3" ind2=" ">
      <subfield code="a">Lighter gemonteert met 14 bassen door W. van Gent</subfield>
    </datafield>
    <datafield tag="264" ind1=" " ind2="1">
      <subfield code="a">[The Netherlands],</subfield>
      <subfield code="c">1748.</subfield>
    </datafield>
    <datafield tag="300" ind1=" " ind2=" ">
      <subfield code="a">3 manuscript ink drawings on 1 sheet :</subfield>
      <subfield code="b">in black and red ;</subfield>
      <subfield code="c">33 x 43,5 cm</subfield>
    </datafield>
    <datafield tag="336" ind1=" " ind2=" ">
      <subfield code="a">still image</subfield>
      <subfield code="b">sti</subfield>
      <subfield code="2">rdacontent</subfield>
    </datafield>
    <datafield tag="337" ind1=" " ind2=" ">
      <subfield code="a">unmediated</subfield>
      <subfield code="b">n</subfield>
      <subfield code="2">rdamedia</subfield>
    </datafield>
    <datafield tag="338" ind1=" " ind2=" ">
      <subfield code="a">sheet</subfield>
      <subfield code="b">nb</subfield>
      <subfield code="2">rdacarrier</subfield>
    </datafield>
    <datafield tag="500" ind1=" " ind2=" ">
      <subfield code="a">Side-view, view from the top, and cross section of the stern of a Dutch lighter, with Dutch national flag.</subfield>
    </datafield>
    <datafield tag="500" ind1=" " ind2=" ">
      <subfield code="a">Cartouche with coat of arms of William III of Orange (Dutch William), and motto 'Honi soit qui mal y pense'.</subfield>
    </datafield>
    <datafield tag="507" ind1=" " ind2=" ">
      <subfield code="a">With ornate bar scale (0-15).</subfield>
    </datafield>
    <datafield tag="600" ind1="0" ind2="0">
      <subfield code="a">William</subfield>
      <subfield code="b">III,</subfield>
      <subfield code="c">King of England,</subfield>
      <subfield code="d">1650-1702.</subfield>
    </datafield>
    <datafield tag="650" ind1=" " ind2="0">
      <subfield code="a">Warships in art.</subfield>
    </datafield>
    <datafield tag="600" ind1="0" ind2="7">
      <subfield code="a">William</subfield>
      <subfield code="b">III,</subfield>
      <subfield code="c">King of England,</subfield>
      <subfield code="d">1650-1702.</subfield>
      <subfield code="2">fast</subfield>
      <subfield code="0">(OCoLC)fst00053262</subfield>
      <subfield code="1">https://id.oclc.org/worldcat/entity/E39PBJm4WdVQTVtVVPgxX6FdwC</subfield>
    </datafield>
    <datafield tag="650" ind1=" " ind2="7">
      <subfield code="a">Warships in art.</subfield>
      <subfield code="2">fast</subfield>
      <subfield code="0">(OCoLC)fst01170889</subfield>
    </datafield>
    <datafield tag="787" ind1="0" ind2="8">
      <subfield code="i">Not the same as:</subfield>
      <subfield code="t">Teekening van een lighter.</subfield>
      <subfield code="w">(OCoLC)1054908931</subfield>
      <subfield code="w">(OCoLC)1054910459</subfield>
    </datafield>
  </record>